000 00297nam a22001337a 4500
005 20251008123320.0
020 _a9782014015997
041 _aEnglish
082 _a440 Q17
100 _aHirschsprung Nathalie
245 _aCosmopolite 2
260 _aDelhi
_bGoyal Publishers
_c2017
942 _cCD
999 _c176319
_d176319